LEADER 01013nam0-22003251i-450- 001 990000523640403321 005 20080908105726.0 010 $a0-89426-235-1 035 $a000052364 035 $aFED01000052364 035 $a(Aleph)000052364FED01 035 $a000052364 100 $a20020821d1993----km-y0itay50------ba 101 0 $aeng 105 $aa-------001yy 200 1 $aAMPL$ea modeling language for mathematical programming. Using the AMPL student edition under MS-DOS$fRober Fourer, David M. Gay, Brian W. Kernighan 210 $aSouth San Francisco$cThe Scientific Press$dİ1993 215 $a33 p.$cill.$d25 cm 610 0 $aLinguaggi di programmazione$aAMPL 676 $a005.133 700 1$aFourer,$bRobert$028059 701 1$aGay,$bDavid M.$028060 701 1$aKernighan,$bBrian W.$06059 801 0$aIT$bUNINA$gRICA$2UNIMARC 901 $aBK 912 $a990000523640403321 952 $a10 P.T. 734$bDIS 4037b$fDINEL 959 $aDINEL 996 $aAMPL$9331206 997 $aUNINA LEADER 00974nam a2200277 i 4500 001 991000174819707536 005 20020506110229.0 008 940115s1985 it ||| | ita 020 $a8841335963 035 $ab10040997-39ule_inst 035 $aLE02614466$9ExL 040 $aDip.to Ingegneria dell'Innovazione$bita 082 0 $a512.5 082 0 $a516 100 1 $aVaccaro, Giuseppe$037449 245 10$aLezioni di geometria con elementi di algebra lineare /$cGiuseppe Vaccaro 260 $aMilano :$bEditoriale Veschi,$c1985 300 $a427 p. ;$c24 cm 650 4$aAlgebra lineare 650 4$aGeometria 907 $a.b10040997$b21-09-06$c31-05-02 912 $a991000174819707536 945 $aLE026 516 VAC 01.01 1985$g1$i2026000004327$lle026$o-$pE0.00$q-$rl$s- $t0$u26$v8$w26$x0$y.i10047153$z31-05-02 996 $aLezioni di geometria con elementi di algebra lineare$977544 997 $aUNISALENTO 998 $ale026$b01-01-94$cm$da $e-$fita$git $h0$i1 LEADER 01518 am 22003613u 450 001 9910765853503321 005 20160628140136.0 035 $a(CKB)3810000000000296 035 $a(WaSeSS)IndRDA00058486 035 $a(EXLCZ)993810000000000296 100 $a20160628d2012 || | 101 0 $aita 135 $aur||||||||||| 181 $ctxt$2rdacontent 182 $cc$2rdamedia 183 $acr$2rdacarrier 200 10$aAtlant linguistich dl ladin dolomitich y di dialec vejins$hIndex generalis$iIn quo reperiuntur liber interrogationum ALD-II, indices speciales omnium voluminum mapparum atque nonnulli indices omnium vocum sententiarumque linguae Italicae vulgaris, quae occurrunt in titulis mapparum ALD-II /$fHans Goebl 210 1$aStrasbourg, France :$cE?ditions de Linguistique et de Philologie,$d2012. 215 $a1 online resource (213 pages) 225 1 $aBibliothe?que de Linguistique Romane. Hors Se?rie ; ;$v2,7 300 $aIncludes index. 311 $a979-1-0914-6006-4 410 0$aBibliothe?que de linguistique romane.$pHors Se?rie ;$v2,7. 517 1 $aAtlante linguistico del ladino dolomitico e dei dialetti limitrofi. 517 1 $aSprachatlas des Dolomitenladinischen und angrenzender Dialekte. 607 $aItaly$xLanguages$vMaps 700 $aGoebl$b Hans$0183004 801 0$bWaSeSS 801 1$bWaSeSS 906 $aBOOK 912 $a9910765853503321 996 $aAtlant linguistich dl ladin dolomitich y di dialec vejins$91969160 997 $aUNINA